[Event "Bundesliga 8384"]
[Site "Germany"]
[Date "1984.??.??"]
[Round "?"]
[White "Calvo Minguez, Ricardo"]
[Black "Gerusel, Mathias"]
[Result "0-1"]
[WhiteElo "2420"]
[BlackElo "2390"]

1.Nf3 d5 2.g3 Nf6 3.Bg2 c6 4.d3 Bg4 5.Nbd2 Nbd7 6.h3 Bh5 7.g4 Bg6 8.Nh4 e5
9.e3 Bd6 10.Nf1 Ng8 11.Nf5 Bxf5 12.gxf5 g6 13.e4 gxf5 14.exd5 cxd5 15.Ne3 Ne7
16.Qh5 f4 17.Ng4 Qb6 18.Nh6 Rf8 19.O-O Bc7 20.Nf5 Nxf5 21.Qxf5 Qa6 22.Qg5 h6
23.Qh4 Qf6 24.Qh5 Rg8 25.Kh1 Qd6 26.Re1 O-O-O 27.Bf3 Nf6 28.Bg4+ Kb8 29.Qh4 e4
30.f3 h5 31.Bf5 Qe5 32.dxe4 dxe4 33.Bxe4 Nxe4 34.Rxe4 Rd1+ 35.Kh2 Qxe4  0-1

[Event "Grindavik"]
[Site "Grindavik"]
[Date "1984.??.??"]
[Round "2"]
[White "Angantysson, Haukur"]
[Black "Asmundsson, Ingvar"]
[Result "1/2-1/2"]
[WhiteElo "2395"]
[BlackElo "2405"]

1.Nf3 d5 2.g3 g6 3.Bg2 Bg7 4.O-O e5 5.d3 Ne7 6.e4 O-O 7.Nbd2 c6 8.b3 dxe4
9.dxe4 Qc7 10.Bb2 Rd8 11.Qe2 b6 12.Rfd1 Nd7 13.Qe1 Ba6 14.Bh3 Nf8 15.Nf1 f6
16.Ne3 Rxd1 17.Rxd1 Rd8 18.Rd2 Bc8 19.Bxc8 Nxc8 20.Qe2 Rxd2 21.Nxd2 Qd7 22.Qd3 Qxd3
23.cxd3 Ne6 24.Kf1 Kf7 25.Nc2 Bf8  1/2-1/2

[Event "Hamburg op"]
[Site "Hamburg"]
[Date "1984.??.??"]
[Round "1"]
[White "Geveke, Michael"]
[Black "Velikov, Petar"]
[Result "1/2-1/2"]
[WhiteElo "2245"]
[BlackElo "2460"]

1.Nf3 d5 2.g3 Nf6 3.Bg2 Bf5 4.O-O e6 5.c4 c6 6.b3 Be7 7.Bb2 h6 8.d3 O-O 9.Nbd2 a5
10.a3 Nbd7 11.Rc1 Bh7 12.Rc2 Bd6 13.Qa1 Qe7 14.cxd5 exd5 15.Nd4 Rfe8 16.N2f3 Ne5
17.Bh3 Neg4 18.Nh4 Ne5 19.Nhf3 Bb8 20.Nh4 h5 21.Ndf5 Qe6 22.Nd4 Qe7 23.Ndf5 Qe6
24.Nd4 Qe7 25.Ndf5  1/2-1/2

[Event "Hamburg op"]
[Site "Hamburg"]
[Date "1984.??.??"]
[Round "3"]
[White "Bockius, Albert"]
[Black "Radulov, Ivan"]
[Result "1/2-1/2"]
[WhiteElo "2235"]
[BlackElo "2450"]

1.Nf3 d5 2.g3 c5 3.b3 Nc6 4.Bb2 d4 5.e4 e5 6.d3 Bd6 7.Bg2 Nge7 8.Nbd2 O-O
9.O-O a6 10.Qe2 Ng6 11.a3 Qe7 12.Kh1 Be6 13.Ng1 b5 14.Bh3 Rac8 15.Bxe6 Qxe6
16.Qh5 f6 17.Nh3 Nh8 18.f4 Nf7 19.f5 Qd7 20.Qe2 Be7 21.g4 Na5 22.Bc1 c4 23.b4 Nb7
24.Nf3 a5 25.g5 fxg5 26.Nhxg5 cxd3 27.cxd3 Bxg5 28.Bxg5  1/2-1/2

[Event "Hastings8485"]
[Site "Hastings"]
[Date "1984.??.??"]
[Round "2"]
[White "Benjamin, Joel"]
[Black "Sveshnikov, Evgeny"]
[Result "1/2-1/2"]
[WhiteElo "2520"]
[BlackElo "2530"]

1.Nf3 d5 2.g3 Nf6 3.Bg2 c6 4.c4 Bg4 5.Qb3 Qb6 6.Ne5 Be6 7.Qxb6 axb6 8.b3 g6
9.Bb2 Bg7 10.d4 Nbd7 11.Nxd7 Kxd7 12.Nd2 b5 13.O-O dxc4 14.bxc4 Bxc4 15.Nxc4 bxc4
16.a4 Ra6 17.Rfc1 Rha8 18.Rxc4 Bf8 19.e4 e6 20.Bf3 Be7 21.Kg2 b5 22.Rc2 bxa4
23.Ba3 Bxa3 24.Rxa3 Ra5 25.Rc4 R8a6 26.Rb4 Ne8 27.Be2 Ra7 28.Bd1 Nd6 29.Kf3 Nb5
30.Raxa4 Nc3 31.Rxa5 Rxa5 32.Bb3 Ra3 33.Kf4 Kd6 34.Rb7 g5+ 35.Ke3 f6 36.Kd3 Nb5
37.Kc4 Ra1 38.e5+ fxe5 39.dxe5+ Kxe5 40.Rxh7 Rc1+ 41.Kb4 Nd4 42.f4+ gxf4
43.gxf4+ Kxf4 44.Bc4 Ke5 45.Rh4 Nf3 46.Rh6 Nd4 47.Kc5 Rc2 48.h4 Ke4 49.h5 e5
50.Rf6 Rh2 51.Bf7 Rc2+ 52.Kd6 Nf5+  1/2-1/2

[Event "ISR-ch"]
[Site "?"]
[Date "1984.??.??"]
[Round "?"]
[White "Gutman, Lev"]
[Black "Lederman, Leon"]
[Result "0-1"]
[WhiteElo "2480"]
[BlackElo "2405"]

1.Nf3 d5 2.g3 Nf6 3.Bg2 Bf5 4.d3 e6 5.Nbd2 Be7 6.O-O h6 7.e3 O-O 8.Qe2 c5
9.Ne5 Nbd7 10.Nxd7 Qxd7 11.e4 Bh7 12.e5 Ne8 13.f4 Nc7 14.g4 Qa4 15.Nf3 c4
16.Be3 cxd3 17.cxd3 Rac8 18.Nd4 Bc5 19.Nb3 Bxe3+ 20.Qxe3 Na6 21.Nd4 Nb4 22.f5 Nc2
23.Nxc2 Rxc2 24.Rf4 Qb5 25.b3 Rfc8 26.Ra4 exf5 27.Rf1 f4 28.Raxf4 Bxd3 29.Rd1 Be4
30.Bxe4 dxe4 31.Qxe4 Rxa2 32.g5 hxg5 33.Rxf7 Qb6+ 34.Kh1 Qh6 35.h4 Qh5 36.Rfd7 Rf8
37.e6 g4 38.Kg1 Qxh4 39.Rxg7+ Kh8 40.Rf7  0-1

[Event "ISR-ch"]
[Site "?"]
[Date "1984.??.??"]
[Round "?"]
[White "Gutman, Lev"]
[Black "Shterenberg, Pavel"]
[Result "1-0"]
[WhiteElo "2480"]
[BlackElo "2320"]

1.Nf3 d5 2.g3 g6 3.c4 c6 4.Bg2 Bg7 5.O-O Nf6 6.cxd5 cxd5 7.d4 O-O 8.Nc3 Ne4
9.Ne5 f6 10.Nxe4 fxe5 11.Nc3 exd4 12.Nxd5 e6 13.Nb4 a5 14.Nd3 Nc6 15.Bd2 Kh8
16.Rc1 Ra6 17.Rc5 Rf5 18.Qc1 Qe8 19.Bh6 Bxh6 20.Qxh6 Bd7 21.Be4 Qf8 22.Qc1 Rf6
23.Qc4 Qd6 24.f4 Rb6 25.Rd1 Rf8 26.b3 Na7 27.Rxa5 Nb5 28.Ne5 Kg8 29.Nxd7 Qxd7
30.Qc5  1-0

[Event "Kragujevac"]
[Site "Kragujevac"]
[Date "1984.??.??"]
[Round "12"]
[White "Vukic, Milan"]
[Black "Trifunovic, Miroljub"]
[Result "1-0"]
[WhiteElo "2450"]
[BlackElo "2330"]

1.Nf3 d5 2.g3 Nf6 3.Bg2 e6 4.c4 Be7 5.O-O O-O 6.d4 dxc4 7.Qc2 a6 8.a4 Bd7
9.Qxc4 Bc6 10.Bf4 Nbd7 11.Rc1 Rc8 12.Nc3 Nb6 13.Qb3 a5 14.Qc2 Nbd5 15.Nxd5 Qxd5
16.Ne1 Qxd4 17.Bxc6 bxc6 18.Nd3 Nd5 19.Qc4 c5 20.Qxd4 cxd4 21.Rc6 f6 22.Bd2 Bd6
23.Bxa5 Ne7 24.Rc4 c5 25.Bb6 e5 26.Rac1 e4 27.Nxc5 Nd5 28.Ba5 Rfe8 29.Rxd4 Bxc5
30.Rdc4 Bxf2+ 31.Kxf2 e3+ 32.Kg2 Rb8 33.b4 f5 34.b5 h6 35.Rd4 Nf6 36.Bc7  1-0

[Event "White Knights"]
[Site "Leningrad"]
[Date "1984.??.??"]
[Round "?"]
[White "Kochyev, Alexander"]
[Black "Lukin, Andrei M"]
[Result "1/2-1/2"]
[WhiteElo "2455"]
[BlackElo "2470"]

1.Nf3 d5 2.g3 g6 3.Bg2 Bg7 4.O-O e5 5.d3 Nc6 6.e4 dxe4 7.dxe4 Qxd1 8.Rxd1 Bg4
9.Be3 Nd4 10.Bxd4 exd4 11.Nbd2 Ne7 12.h3 Bxf3 13.Nxf3 c5 14.Nd2 O-O-O 15.f4 f6
16.Nc4 Kc7 17.a4  1/2-1/2

[Event "White Knights"]
[Site "Leningrad"]
[Date "1984.??.??"]
[Round "?"]
[White "Kochyev, Alexander"]
[Black "Cherepkov, Alexander V"]
[Result "1/2-1/2"]
[WhiteElo "2455"]
[BlackElo "2425"]

1.Nf3 d5 2.g3 c5 3.Bg2 g6 4.c4 d4 5.O-O Bg7 6.e3 Nc6 7.exd4 cxd4 8.Re1 Nf6
9.d3 O-O 10.a3 a5 11.Nbd2 Re8 12.Rb1 a4 13.Qe2 e5 14.Ng5 Bg4 15.Qf1 Nd7 16.h3 Bf5
17.Nde4 Nf6 18.b4 axb3 19.Rxb3 Bc8 20.Nxf6+ Bxf6 21.f4 Bxg5 22.fxg5 Qc7 23.g4 Bd7
24.Qf6 Ra6 25.Qf2 Nd8  1/2-1/2

[Event "SWE-ch"]
[Site "Linkoping"]
[Date "1984.??.??"]
[Round "?"]
[White "Svenn, Gosta"]
[Black "Bengtsson, Bo"]
[Result "1-0"]
[WhiteElo "2230"]
[BlackElo "2200"]

1.Nf3 d5 2.g3 e6 3.Bg2 c5 4.O-O Nc6 5.d4 Nf6 6.c4 dxc4 7.Qa4 Bd7 8.Qxc4 Qb6
9.dxc5 Qxc5 10.Na3 Rc8 11.Bg5 Qxc4 12.Nxc4 Nd4 13.Nxd4 Rxc4 14.Rfd1 Nd5 15.Nf5 h6
16.Ne3 Rc5 17.Bxd5 exd5 18.Bf4 Be6 19.Be5 f6 20.Bd4 Ra5 21.Bc3 Rc5 22.Rd4 Kd7
23.Rad1 Kc6 24.a4 a5 25.R4d3 Bf7 26.f4 Kc7 27.Nxd5+ Kc6 28.Ne3 Be7 29.Bd4 Re8
30.Kg2 Bd5+ 31.Kh3 Be6+ 32.g4 Rh5+ 33.Kg3 Rd5 34.Nxd5 Bxd5 35.Rc1+ Kd7 36.Be3 Ke6
37.f5+ Ke5 38.Bf4+ Ke4 39.Re3+ Kd4 40.Rd3+ Ke4 41.Re3+ Kd4 42.Rd1+  1-0

[Event "SWE-ch"]
[Site "Linkoping"]
[Date "1984.??.??"]
[Round "?"]
[White "Ornstein, Axel"]
[Black "Bengtsson, Bo"]
[Result "1-0"]
[WhiteElo "2405"]
[BlackElo "2200"]

1.Nf3 d5 2.g3 c6 3.Bg2 Bg4 4.c4 e6 5.O-O Bd6 6.Qb3 Qc8 7.Nc3 Nf6 8.d4 Nbd7
9.h3 Bxf3 10.Bxf3 dxc4 11.Qxc4 e5 12.Bg2 exd4 13.Qxd4 Be5 14.Qc4 O-O 15.Bd2 Nb6
16.Qb3 Re8 17.Rfe1 Qc7 18.e4 Rad8 19.Rad1 Nbd7 20.Be3 Bxc3 21.Qxc3 c5 22.Bf4 Qc8
23.e5 Nh5 24.Bc1 g6 25.Bg5 Ng7 26.Bxd8 Rxd8 27.Qb3 Nb6 28.Bxb7 Rxd1 29.Qxd1 Qe8
30.Qd6 Ne6 31.b3 h5 32.h4 Kh8 33.Re3 c4 34.Rf3 cxb3 35.axb3 Kg7 36.Rf6 Kg8
37.Bc6 Qc8 38.Qe7 Nd8 39.e6 Nxc6 40.exf7+  1-0

[Event "London"]
[Site "London"]
[Date "1984.??.??"]
[Round "?"]
[White "Ribli, Zoltan"]
[Black "Seirawan, Yasser"]
[Result "1/2-1/2"]
[WhiteElo "2610"]
[BlackElo "2525"]

1.Nf3 d5 2.g3 Nf6 3.Bg2 Bf5 4.c4 c6 5.cxd5 cxd5 6.Qb3 Qb6 7.Qxb6 axb6 8.Nc3 Nc6
9.d3 e5 10.Bd2 h6 11.a3 Bc5 12.O-O e4 13.Nh4 Bh7 14.b4 Bd6 15.f4 Nd4 16.Ra2 exd3
17.exd3 Nb3 18.Nb5 Kd7 19.Rd1 Nxd2 20.Bh3+ Ke7 21.Raxd2 Rhd8 22.Kf2 g5 23.fxg5 hxg5
24.Nf5+ Bxf5 25.Bxf5 Ne8 26.Rc2 Kf8 27.Kf3 Be7 28.Rdc1 Nd6 29.Nxd6 Bxd6 30.Rc8 Ke7
31.Rxd8 Kxd8 32.Rc3 Be5 33.d4 Bxd4 34.Rd3 Bf6 35.Rxd5+ Ke8 36.Rd3 Rd8 37.Re3+ Kf8
38.Be4 Rd2 39.Re2 Rxe2 40.Kxe2 Bb2 41.a4 Bc3 42.b5 Kg7  1/2-1/2

[Event "London P&D Knights"]
[Site "London"]
[Date "1984.??.??"]
[Round "2"]
[White "Arkell, Keith C"]
[Black "Large, Peter G"]
[Result "0-1"]
[WhiteElo "2295"]
[BlackElo "2295"]

1.Nf3 d5 2.g3 c6 3.b3 Bg4 4.Bb2 Nd7 5.Bg2 Ngf6 6.d3 e6 7.Nbd2 Bc5 8.h3 Bxf3
9.Bxf3 Qc7 10.d4 Be7 11.O-O O-O 12.e4 dxe4 13.Nxe4 Nxe4 14.Bxe4 Rad8 15.Qe2 Bf6
16.c4 c5 17.Rfd1 Bxd4 18.Bxd4 cxd4 19.Rxd4 Nc5 20.Rxd8 Rxd8 21.Bc2 a5 22.Rd1 g6
23.Rxd8+ Qxd8 24.Qe5 b6 25.h4 f6 26.Qe3 Kg7 27.h5 e5 28.a3 Qd4 29.h6+ Kf7
30.Qxd4 exd4 31.Kf1 d3 32.Bd1 Ke6 33.b4 axb4 34.axb4 Ne4 35.Ke1 Ke5 36.Bf3 f5
37.Bg2 Kd4 38.g4 Kxc4 39.gxf5 gxf5 40.f3 Nd6 41.f4 Kc3 42.Kf2 Kxb4 43.Kg3 d2
44.Bf3 Ne4+  0-1

[Event "URS-World"]
[Site "London"]
[Date "1984.??.??"]
[Round "3.6"]
[White "Larsen, Bent"]
[Black "Beliavsky, Alexander G"]
[Result "1/2-1/2"]
[WhiteElo "2565"]
[BlackElo "2565"]

1.g3 d5 2.Nf3 c6 3.Bg2 Nf6 4.b3 Bg4 5.Bb2 Nbd7 6.d3 e6 7.Nbd2 Bc5 8.O-O O-O
9.a3 a5 10.e4 dxe4 11.dxe4 e5 12.h3 Bxf3 13.Qxf3 b5 14.Qe2 Re8 15.Rfd1 Qc7
16.Nf1 Nf8 17.a4 Rab8 18.Ne3 Ne6 19.axb5 cxb5 20.c3 Bxe3 21.Qxe3 Nc5 22.Ba3 Nxb3
23.Bd6 Qb6 24.Rab1 Qxe3 25.fxe3 a4 26.Bxb8 Rxb8 27.Rd6 h5 28.Rbd1 Kh7 29.Rc6 Ra8
30.Rdd6 a3 31.Ra6 Rc8 32.Rxa3 Rxc3 33.Rb6 Rc1+ 34.Kh2 Nd2 35.Ra2 Nfxe4 36.Rb2 Re1
37.Bxe4+ Nxe4 38.R6xb5 Rxe3 39.Rxe5 Nxg3  1/2-1/2

[Event "Lloyds Bank op"]
[Site "London"]
[Date "1984.??.??"]
[Round "7"]
[White "Davies, Nigel R"]
[Black "Crawley, Gavin"]
[Result "0-1"]
[WhiteElo "2340"]
[BlackElo "2300"]

1.Nf3 d5 2.g3 Nf6 3.Bg2 Bg4 4.O-O e6 5.c4 Nbd7 6.cxd5 exd5 7.d3 c6 8.Nc3 Bd6
9.h3 Bh5 10.e4 O-O 11.exd5 cxd5 12.g4 Bg6 13.Nh4 Nc5 14.Nxg6 hxg6 15.g5 d4
16.gxf6 dxc3 17.fxg7 Re8 18.d4 cxb2 19.Bxb2 Ne6 20.Re1 Qa5 21.Re3 Nf4 22.Bc3 Qg5
23.Rg3 Qh4 24.Kf1 Re2 25.Be1 Rae8 26.Re3 R8xe3 27.fxe3 Qg5 28.Bxb7 Qb5 29.Qb3 Rxe1+
30.Kxe1 Qe2+  0-1

[Event "New York op"]
[Site "New York"]
[Date "1984.??.??"]
[Round "5"]
[White "Gutman, Lev"]
[Black "Taylor, Timothy"]
[Result "1-0"]
[WhiteElo "2480"]
[BlackElo "2450"]

1.Nf3 d5 2.g3 Nf6 3.Bg2 e6 4.O-O Be7 5.d4 O-O 6.c4 b6 7.Nc3 Bb7 8.cxd5 exd5
9.Ne5 Na6 10.Bf4 c6 11.Rc1 Nc7 12.Qa4 b5 13.Qc2 Ne6 14.Be3 Bd6 15.Nf3 Ng4
16.Bd2 Qb6 17.e4 Nxd4 18.Nxd4 Qxd4 19.exd5 Qb6 20.dxc6 Bxc6 21.Na4 bxa4 22.Qxc6 Rad8
23.Qxa4 Nxf2 24.Rxf2 Bxg3 25.hxg3 Rxd2 26.Qf4 Rxb2 27.Qxf7+ Rxf7 28.Rc8+  1-0

[Event "New York op"]
[Site "New York"]
[Date "1984.??.??"]
[Round "9"]
[White "Gutman, Lev"]
[Black "Saidy, Anthony Fred"]
[Result "0-1"]
[WhiteElo "2480"]
[BlackElo "2410"]

1.Nf3 d5 2.g3 c6 3.Bg2 Bg4 4.Ne5 Bf5 5.d4 Nd7 6.Nd3 Ngf6 7.O-O e6 8.c3 Bd6
9.Bf4 Bxf4 10.Nxf4 Qb6 11.Qc1 O-O 12.Nd2 c5 13.Nb3 cxd4 14.Nxd4 Be4 15.Bxe4 Nxe4
16.Qc2 Rac8 17.Rad1 Qa6 18.Nd3 b5 19.Qb3 Nd6 20.a3 Qb6 21.a4 bxa4 22.Qxa4 Nc5
23.Qa2 Nc4 24.Nxc5 Rxc5 25.b4 Rc7 26.Nb3 Nd6 27.Nc5 a5 28.Ra1 Ra8 29.Qb1 Raa7
30.e4 dxe4 31.Rd1 g6 32.Nxe4 Nxe4 33.Qxe4 Rxc3 34.Qe5 Rc2 35.Qf6 Rc8 36.b5 Rf8
37.Qe5 f6 38.Rd6 Qxf2+ 39.Kxf2 fxe5+ 40.Ke3 Rb8 41.b6 Ra6 42.Ke4 Rbxb6 43.Rxb6 Rxb6
44.Rxa5 Rb2 45.h4 Rb3 46.Kxe5 Rxg3 47.Ra7 Rg4  0-1

[Event "Nuoro"]
[Site "Nuoro"]
[Date "1984.??.??"]
[Round "?"]
[White "Martinovic, Slobodan"]
[Black "Toth, Bela"]
[Result "1/2-1/2"]
[WhiteElo "2460"]
[BlackElo "2395"]

1.Nf3 d5 2.g3 c5 3.Bg2 Nc6 4.O-O e5 5.c4 d4 6.b4 cxb4 7.a3 bxa3 8.d3 Nf6
9.Qa4 Bd7 10.Nbd2 Be7 11.Bxa3 O-O 12.Rfb1 Rb8 13.Ng5 a6 14.Qb3 Bxa3 15.Qxa3 Qc7
16.Nge4 Nxe4 17.Nxe4 Rfd8 18.Rb2 h6 19.Rab1 b5 20.cxb5 axb5 21.Rxb5 Rxb5
22.Rxb5 Rb8 23.Rxb8+ Qxb8 24.h4 Qf8 25.Qc1 Qe7 26.Qc4 Be8 27.Bf3 Nd8 28.Nd2 Ne6
29.Qc8 Nf8 30.Nc4 f6 31.h5 Bf7 32.Nd2 Qe6 33.Qb7 Qe8 34.g4 Ne6 35.Ne4 Ng5
36.Nd6 Nxf3+ 37.Qxf3 Qd8 38.Qc6 Be6 39.f3 Qe7 40.Qa8+ Kh7 41.Qe4+ Kg8 42.Qa8+ Kh7
43.Qe4+ Kh8 44.Qa8+  1/2-1/2

[Event "Pernik"]
[Site "Pernik"]
[Date "1984.??.??"]
[Round "8"]
[White "Kirov, Nino"]
[Black "Lukov, Valentin"]
[Result "1/2-1/2"]
[WhiteElo "2455"]
[BlackElo "2435"]

1.Nf3 d5 2.g3 Nf6 3.Bg2 g6 4.O-O Bg7 5.d4 O-O 6.c4 dxc4 7.Na3 Na6 8.Nxc4 c5
9.dxc5 Be6 10.Nfe5 Nxc5 11.Be3  1/2-1/2

[Event "POL-ch"]
[Site "Poznan"]
[Date "1984.??.??"]
[Round "12"]
[White "Bany, Jerzy"]
[Black "Sydor, Andrzej"]
[Result "1/2-1/2"]
[WhiteElo "2430"]
[BlackElo "2395"]

1.Nf3 d5 2.g3 Bg4 3.Bg2 Nd7 4.c4 e6 5.Qa4 Nf6 6.Nc3 c6 7.d3 Bd6 8.h3 Bh5
9.cxd5 exd5 10.O-O O-O 11.Nh4 Re8 12.Nf5 Be5 13.Qb3 d4 14.f4 dxc3 15.fxe5 Rxe5
16.g4 Bg6 17.bxc3 Rxe2 18.Qxb7 Bxf5 19.gxf5 Nc5 20.Qxc6 Rc8 21.Qf3 Qxd3 22.Bg5 Qxf3
23.Bxf3 Rc2 24.Bxf6 gxf6 25.Rfc1 Rxc1+ 26.Rxc1 Nd3 27.Rc2 Ne1 28.Bb7 Rc7
29.Re2 Nd3 30.Bd5 Nf4 31.Re8+ Kg7 32.c4 Nxd5 33.cxd5 Rd7 34.Ra8 Rxd5 35.Rxa7 Rxf5
36.Ra3 Rc5 37.Rg3+ Kf8 38.a4 Rc1+ 39.Kh2 Ra1 40.Rg4 Ra3 41.Rf4 f5 42.Kg2 Kg7
43.Rxf5 Rxa4 44.Kg3 Kg6 45.Rb5 Ra3+ 46.Kh4 f6 47.Rc5 Re3 48.Ra5 Re4+ 49.Kg3 Rb4
50.Rc5 h5 51.h4 Rb3+ 52.Kg2 Re3 53.Ra5 Re5 54.Ra3 Re4 55.Kg3 Kf5 56.Ra5+ Re5
57.Ra3 Rd5 58.Rf3+ Ke6 59.Re3+ Re5 60.Ra3 Rd5 61.Re3+ Kf7 62.Rb3 Rd4 63.Ra3 Ke6
64.Re3+ Kf5 65.Rf3+ Ke5 66.Re3+ Re4 67.Ra3 Rg4+ 68.Kh3 Rd4 69.Kg3 f5 70.Re3+ Re4
71.Ra3 Rg4+ 72.Kh3 Rd4 73.Kg3 Ke4 74.Rf3 Rd8 75.Rf4+ Ke5 76.Rf3 Rg8+ 77.Kh3 Ke4
78.Ra3 Rd8 79.Ra5 Rd5 80.Ra4+ Rd4 81.Ra8 Kf3 82.Rg8 Rd1 83.Kh2 Rd2+ 84.Kh3 Rd3
85.Rg5 Ke2+ 86.Kh2 f4 87.Rxh5 f3 88.Rf5 Rd8 89.Re5+ Kf1 90.Rf5 f2 91.h5 Ke2
92.Re5+ Kf3 93.Rf5+ Ke3 94.h6 Rd5 95.Rf8 Rh5+ 96.Kg2 Rg5+ 97.Kh2 Rg8 98.Rf7  1/2-1/2

[Event "Rome"]
[Site "Rome"]
[Date "1984.??.??"]
[Round "1"]
[White "Nikolac, Juraj"]
[Black "Zichichi, Alvise"]
[Result "1/2-1/2"]
[WhiteElo "2465"]
[BlackElo "2370"]

1.Nf3 d5 2.g3 Nf6 3.Bg2 Bf5 4.c4 c6 5.b3 e6 6.O-O h6 7.Bb2 Be7 8.d3 O-O 9.Nbd2 Nbd7
10.a3 a5 11.Qb1 Bh7 12.Bc3 Qb8 13.Qb2 Bd6 14.cxd5 exd5 15.Bh3 Re8 16.Bxd7 Nxd7
17.Bxg7 Rxe2 18.Bxh6 Be5 19.d4 Bf6 20.Rfe1 Rxe1+ 21.Rxe1 Nc5 22.Ne5 Ne6 23.Qc3 Qd8
24.Qf3 Bxe5 25.Rxe5 Bg6 26.h4 Kh7 27.Be3 Qe7 28.h5 Bc2 29.Qf4 f6 30.Qh6+ Kg8
31.Bg5 Rf8 32.Bh4 Qf7 33.Re3 Nxd4 34.Qf4 Nf5 35.Rc3 Qxh5 36.Nf3 Be4 37.g4 Qg6
38.Bg3 Nxg3 39.Qxg3 Bxf3 40.Rxf3 Re8 41.Rf5  1/2-1/2

[Event "Rome-B"]
[Site "Rome"]
[Date "1984.??.??"]
[Round "6"]
[White "Gross, Stefan"]
[Black "Passerotti, Pierluigi"]
[Result "1-0"]
[WhiteElo "2410"]
[BlackElo "2325"]

1.Nf3 d5 2.g3 Nf6 3.Bg2 c5 4.O-O Nc6 5.d4 e6 6.c4 dxc4 7.Qa4 Bd7 8.dxc5 Na5
9.Qa3 b6 10.Be3 Nd5 11.Ne5 Bb5 12.Rd1 Qc7 13.Bxd5 exd5 14.Nc3 Bc6 15.Nxc6 Qxc6
16.Rxd5 Be7 17.Re5 f6 18.Re4 Kf7 19.b4 cxb3 20.axb3 Nb7 21.b4 Rhe8 22.Qa2+ Kf8
23.b5 Qc8 24.c6 Nc5 25.Bxc5 Bxc5 26.Rxe8+ Qxe8 27.Rd1 a5 28.Na4 Rd8 29.Rxd8 Qxd8
30.Nxc5 bxc5 31.Qb3 Qb6 32.Qd3 Qb8 33.Qxh7 Qxb5 34.c7  1-0

[Event "Sarajevo"]
[Site "Sarajevo"]
[Date "1984.??.??"]
[Round "?"]
[White "Lobron, Eric"]
[Black "Kurajica, Bojan"]
[Result "0-1"]
[WhiteElo "2520"]
[BlackElo "2495"]

1.g3 d5 2.Nf3 c5 3.Bg2 Nc6 4.O-O e5 5.c4 dxc4 6.Qa4 Bd7 7.Qxc4 Be7 8.d3 Nf6
9.Bg5 O-O 10.Bxf6 Bxf6 11.Nc3 b6 12.Rfc1 Rc8 13.h4 g6 14.Ne4 Bg7 15.h5 gxh5
16.e3 Kh8 17.Kh2 Be6 18.Qa4 Bg4 19.Rc4 Na5 20.Rc3 Bxf3 21.Bxf3 f5 22.Nd2 e4
23.Bxh5 Bxc3 24.bxc3 Qxd3 25.Rd1 Qxc3 26.Nb1 Qf6 27.Rd7 Rcd8  0-1

[Event "Sochi"]
[Site "Sochi"]
[Date "1984.??.??"]
[Round "?"]
[White "Barlov, Dragan"]
[Black "Vaisser, Anatoli"]
[Result "0-1"]
[WhiteElo "2480"]
[BlackElo "2495"]

1.Nf3 d5 2.g3 g6 3.Bg2 Bg7 4.O-O e5 5.d3 Nc6 6.e4 Nge7 7.Nc3 dxe4 8.dxe4 Bg4
9.Qxd8+ Rxd8 10.Nb5 Rd7 11.c3 Be6 12.Re1 h6 13.h4 O-O 14.h5 gxh5 15.Nh4 Kh7
16.f4 Bg4 17.f5 Bf6 18.Na3 Rfd8 19.Nc2 Rd1 20.Rxd1 Rxd1+ 21.Kf2 Bg5 22.Ne3 Bxe3+
23.Kxe3 Ng8 24.b3 Re1+ 25.Kd3 Nf6 26.Bb2 Re2 27.Bc1 Re1 28.Bb2 Re2 29.Bc1 Nd7
30.Be3 Rb2 31.Bd2 Nc5+ 32.Ke3 a5 33.Nf3 Nxe4 34.Kxe4 Bxf3+ 35.Bxf3 Rxd2 36.Bxh5 f6
37.Bf3 Kg7 38.Ke3 Rd6 39.Rh1 Ne7 40.Be4 Nd5+ 41.Bxd5 Rxd5 42.Rh4 Rd1 43.Rg4+ Kf7
44.Rh4 Rc1 45.Rc4 c6 46.Rc5 Ke7 47.Rxa5 Rxc3+ 48.Kf2 Kd6 49.Ra7 e4 50.Rxb7 Rf3+
51.Ke2 Rxg3 52.a4 Ke5 53.a5 Kf4 54.Kd2 Rg2+ 55.Kc3 Ra2 56.b4 e3  0-1

[Event "Sochi"]
[Site "Sochi"]
[Date "1984.??.??"]
[Round "?"]
[White "Psakhis, Lev"]
[Black "Lukacs, Peter"]
[Result "1/2-1/2"]
[WhiteElo "2565"]
[BlackElo "2470"]

1.Nf3 d5 2.g3 Nf6 3.Bg2 c6 4.O-O Bg4 5.b3 e6 6.Bb2 Nbd7 7.d3 a5 8.a4 Bb4
9.Nbd2 O-O 10.h3 Bh5 11.e3 Re8 12.g4 Bg6  1/2-1/2

[Event "BUL-ch"]
[Site "Sofia"]
[Date "1984.??.??"]
[Round "?"]
[White "Lukov, Valentin"]
[Black "Popov, Luben"]
[Result "1/2-1/2"]
[WhiteElo "2430"]
[BlackElo "2395"]

1.Nf3 d5 2.g3 Nf6 3.Bg2 Bf5 4.O-O e6 5.d3 Be7 6.Nbd2 h6 7.b3 O-O 8.Bb2 c5
9.Re1 Nc6 10.e4 Bh7 11.Ne5 Nxe5 12.Bxe5 dxe4 13.Nxe4 Nxe4 14.Bxe4 Bxe4 15.dxe4 Bf6
16.Qxd8 Rfxd8 17.Bxf6 gxf6 18.Rad1 Kf8 19.Kf1 Ke7 20.Ke2 b6 21.Rxd8  1/2-1/2

[Event "CSR-ch"]
[Site "Sumperk"]
[Date "1984.??.??"]
[Round "11"]
[White "Zpevak, Pavel"]
[Black "Pacl, Vaclav"]
[Result "1/2-1/2"]
[WhiteElo "2295"]
[BlackElo "2320"]

1.Nf3 d5 2.g3 Nf6 3.Bg2 Bf5 4.d3 e6 5.Nbd2 h6 6.O-O Be7 7.b3 O-O 8.Bb2 c5
9.Ne5 Bh7 10.e4 dxe4 11.dxe4 Nbd7 12.Nxd7 Qxd7 13.Qe2 Rad8 14.Bc3 Qc7 15.Nc4 Nd7
16.a4 Rfe8 17.Rad1 Bf8 18.Rd3 Nb8 19.Be5 Qc8 20.Rfd1 Nc6 21.Bb2 Qc7  1/2-1/2

[Event "CSR-ch"]
[Site "Sumperk"]
[Date "1984.??.??"]
[Round "13"]
[White "Pastircak, Milan"]
[Black "Priehoda, Vitezslav"]
[Result "1/2-1/2"]
[WhiteElo "2230"]
[BlackElo "2275"]

1.Nf3 d5 2.g3 Nf6 3.Bg2 Bf5 4.O-O e6 5.d3 Be7 6.b3 h6 7.Bb2 O-O 8.c4 c6 9.Nbd2 Nbd7
10.Qc2 Bh7 11.Bc3 b5 12.cxb5 cxb5 13.Qb2  1/2-1/2

[Event "Thessaloniki ol (Women)"]
[Site "Thessaloniki"]
[Date "1984.??.??"]
[Round "5"]
[White "Efremoglou, A."]
[Black "Garwell, Jane"]
[Result "0-1"]
[WhiteElo "1925"]
[BlackElo "2100"]

1.Nf3 d5 2.g3 Nf6 3.Bg2 e6 4.O-O Be7 5.d3 O-O 6.Nbd2 Nc6 7.e4 dxe4 8.dxe4 e5
9.c3 Be6 10.Qc2 Qd7 11.Qa4 a6 12.Re1 h6 13.Nf1 Rad8 14.Ne3 Nd4 15.Qxd7 Nxf3+
16.Bxf3 Rxd7 17.Nf5 Bc5 18.Kg2 Rfd8 19.Ne3 c6 20.h3 Rd6 21.Ng4 Nxg4 22.hxg4 f6
23.Be2 Bf7 24.f4 g5 25.f5 Kg7 26.Rh1 a5 27.a4 Bb3 28.Kf3 Bc2 29.Be3 Bxe3
30.Kxe3 Rd2 31.Rh2 Bd1 32.Rf2 Bxe2 33.Rxe2 R8d3+ 34.Kf2 Kf7 35.Re1 Ke7 36.Rxd2 Rxd2+
37.Re2 Rd1 38.Re1 Rxe1 39.Kxe1 Kd6 40.Kd2 Kc5 41.Kd3 b6 42.Kc2 b5 43.b4+ axb4
44.a5 bxc3 45.Kxc3 Kd6 46.Kb4 Kc7 47.Kc5 Kb7 48.Kd6 b4 49.Ke6 b3 50.Kxf6 b2
51.Kg7 b1=Q 52.f6 Qxe4 53.f7 Qf3 54.f8=Q Qxf8+ 55.Kxf8 e4 56.Kg7 e3 57.Kxh6 e2
58.Kxg5 e1=Q 59.Kh4 Qxa5 60.g5 Qd8 61.Kh5 Qg8 62.Kg4 Kc7  0-1

[Event "Thessaloniki ol (Women)"]
[Site "Thessaloniki"]
[Date "1984.??.??"]
[Round "7"]
[White "Semenova, Lidia K"]
[Black "Madl, Ildiko"]
[Result "1-0"]
[WhiteElo "2225"]
[BlackElo "2060"]

1.Nf3 d5 2.g3 e6 3.Bg2 c5 4.O-O Nf6 5.d3 Be7 6.Nbd2 Nc6 7.e4 O-O 8.Re1 Qc7
9.h4 b6 10.e5 Nd7 11.Qe2 Bb7 12.c3 Rac8 13.Nf1 Qb8 14.Bf4 d4 15.N1d2 Qa8
16.Ne4 dxc3 17.bxc3 c4 18.d4 Nd8 19.Bg5 Ba3 20.Rab1 Bd5 21.Bh3 Qc6 22.Nfd2 f6
23.exf6 gxf6 24.Bh6 Rf7 25.Qh5 Bf8 26.Re3 b5 27.Bxf8 Rxf8 28.Rbe1 Kh8 29.f4 f5
30.Ng5 Nf6 31.Qe2 Rg8 32.Kh2 Rc7 33.Ndf3 Be4 34.Nxe4 Nxe4 35.Ng5 Nxg5 36.hxg5 Qd6
37.Rb1 a6 38.Re5 Rgg7 39.d5 exd5 40.Re8+ Rg8 41.Bxf5 Rf7 42.Bc2 Nc6 43.Re6 Re7
44.Rxe7 Qxe7 45.Qxe7 Nxe7 46.Kg2 Nc6 47.Rh1 Rg7 48.Rh6 Rc7 49.Bxh7 Rxh7 50.Rxc6 Rd7
51.f5 a5 52.a3 b4 53.cxb4 axb4 54.axb4 Rb7 55.Rc5 Rxb4 56.Rxd5 c3 57.Rd8+ Kg7
58.Rd7+ Kg8 59.Rc7 Rg4 60.Kf3 Rxg5 61.g4 c2 62.Rxc2 Kf7 63.Kf4 Rg8 64.Rc7+  1-0

[Event "Thessaloniki ol (Women)"]
[Site "Thessaloniki"]
[Date "1984.??.??"]
[Round "8"]
[White "Borisova, Borislava"]
[Black "Wu Mingqian"]
[Result "1/2-1/2"]
[WhiteElo "1925"]
[BlackElo "2030"]

1.Nf3 d5 2.g3 c5 3.Bg2 Nc6 4.d4 Nf6 5.O-O Bf5 6.c4 dxc4 7.Qa4 Qa5 8.Qxa5 Nxa5
9.dxc5 e6 10.Bd2 Nc6 11.Na3 Bxc5 12.Nxc4 O-O 13.Rac1 Rac8 14.Ne3 Ne4 15.Nxf5 exf5
16.Bf4 Nd4 17.Nxd4 Bxd4 18.b3 Rxc1 19.Bxc1 Rc8 20.e3 Bb6 21.Ba3 g6 22.Rc1 Rd8
23.Bb4 h5 24.Kf1 a5 25.Be1 Kf8 26.Ke2 Ke7 27.Rc4 Nd6 28.Ra4 Rc8 29.b4 axb4
30.Bxb4 Bc5 31.Bxc5 Rxc5 32.Kd3 b5 33.Rb4 Rc1 34.Rb2 Kd7 35.Rc2 Rd1+ 36.Kc3 Ne4+
37.Kb4 Rb1+ 38.Ka5 Kd6 39.Bf3 b4 40.Kb5 b3 41.axb3 Rxb3+ 42.Kc4 Rb1 43.Bxe4 fxe4  1/2-1/2

[Event "Thessaloniki ol (Women)"]
[Site "Thessaloniki"]
[Date "1984.??.??"]
[Round "9"]
[White "Voiska, Margarita"]
[Black "Bruinenberg, Carla"]
[Result "1-0"]
[WhiteElo "2095"]
[BlackElo "2050"]

1.Nf3 d5 2.g3 Nf6 3.Bg2 c5 4.O-O e6 5.c4 Be7 6.b3 O-O 7.Bb2 Nc6 8.e3 Qc7
9.Nc3 dxc4 10.bxc4 a6 11.Qe2 Rd8 12.d3 e5 13.h3 h6 14.e4 Qd6 15.Rad1 Ne8
16.Nd5 Rb8 17.Bc3 Nc7 18.Rfe1 b5 19.Nh2 b4 20.Bb2 Ne6 21.Qh5 Ned4 22.f4 Kh7
23.Bxd4 cxd4 24.Qxf7 Rf8 25.Qh5 b3 26.axb3 Rxb3 27.Rf1 Rb2 28.Rde1 Qa3 29.Re2 Qa2
30.Rxb2 Qxb2 31.Nxe7 Nxe7 32.Qxe5 Ng6 33.Qc5 Re8 34.Nf3 Qc3 35.Qh5 Rf8 36.Kh2 a5
37.Ng5+ Kg8 38.Qxg6 hxg5 39.e5 Bf5 40.Bd5+ Kh8  1-0